<?xml version="1.0" encoding="UTF-8"?><?xml-stylesheet type="text/xsl" href="static/style.xsl"?><OAI-PMH xmlns="http://www.openarchives.org/OAI/2.0/" xmlns:xsi="http://www.w3.org/2001/XMLSchema-instance" xsi:schemaLocation="http://www.openarchives.org/OAI/2.0/ http://www.openarchives.org/OAI/2.0/OAI-PMH.xsd"><responseDate>2026-06-02T02:13:54Z</responseDate><request verb="GetRecord" identifier="oai:riuma.uma.es:10630/9220" metadataPrefix="marc">https://riuma.uma.es/rest/oai/request</request><GetRecord><record><header><identifier>oai:riuma.uma.es:10630/9220</identifier><datestamp>2026-02-03T12:51:51Z</datestamp><setSpec>com_10630_5701</setSpec><setSpec>com_10630_3139</setSpec><setSpec>com_10630_10</setSpec><setSpec>col_10630_8864</setSpec></header><metadata><record xmlns="http://www.loc.gov/MARC21/slim" xmlns:dcterms="http://purl.org/dc/terms/" xmlns:doc="http://www.lyncode.com/xoai" xmlns:xsi="http://www.w3.org/2001/XMLSchema-instance" xsi:schemaLocation="http://www.loc.gov/MARC21/slim http://www.loc.gov/standards/marcxml/schema/MARC21slim.xsd">
   <leader>00925njm 22002777a 4500</leader>
   <datafield ind2=" " ind1=" " tag="042">
      <subfield code="a">dc</subfield>
   </datafield>
   <datafield ind2=" " ind1=" " tag="720">
      <subfield code="a">Vera-Balanza, María Teresa</subfield>
      <subfield code="e">author</subfield>
   </datafield>
   <datafield ind2=" " ind1=" " tag="260">
      <subfield code="c">1992</subfield>
   </datafield>
   <datafield ind2=" " ind1=" " tag="520">
      <subfield code="a">Pura y sumisa, resignada y maternal, “femenina” en definitiva, va a ser el calificativo que se reserva a las mujeres en los mensajes que, desde la Iglesia y desde el Estado, se emitirán durante la Dictadura Franquista. Se producirá una considerable distancia entre la teoría política que el Nuevo Estado Nacional Sindicalista planteaba como revolucionaria, y el discurso tradicional presentado por el poder eclesiástico. La transmisión de unos modelos que, por arcaicos, carecían de originalidad, será el objetivo primordial de la producción bibliográfica que en este artículo hemos tratado de analizar. Desde la infancia a la maternidad, pasando por el matrimonio, el celibato o el trabajo, las clásicas etapas del ciclo de vida femenino están cubiertas, normativizadas y controladas; nada queda a la iniciativa de los propios sujetos.</subfield>
   </datafield>
   <datafield ind1="8" ind2=" " tag="024">
      <subfield code="a">Baetica 14, 1992, p. 361-376</subfield>
   </datafield>
   <datafield ind1="8" ind2=" " tag="024">
      <subfield code="a">0212-5099</subfield>
   </datafield>
   <datafield ind1="8" ind2=" " tag="024">
      <subfield code="a">http://hdl.handle.net/10630/9220</subfield>
   </datafield>
   <datafield tag="653" ind2=" " ind1=" ">
      <subfield code="a">Mujeres - Situación social - España - 1939-1975</subfield>
   </datafield>
   <datafield ind2="0" ind1="0" tag="245">
      <subfield code="a">Literatura religiosa y mentalidad femenina en el franquismo</subfield>
   </datafield>
</record>
</metadata></record></GetRecord></OAI-PMH>